Závislost nejen na lásce, aneb, Příliš otevřená zpověď Terezy Pergnerové /

Hlavní autor: Nečas, Luboš, 1972-
Další autoři: Pergnerová, Tereza, 1974-
Jazyk: Čeština
Vydáno: V Praze : Ikar, 2003
Témata:
Fyzický popis: 217 s. : barev. il. ; 22 cm
Knihy
Uloženo v:
LEADER 01558nam a2200433 a 4500
001 000672607
003 CZ BrMZK
005 20160830094715.0
007 ta
008 030604s2003 xr a g 000 0bcze d
015 |a cnb001202163 
020 |a 80-249-0198-6  |q (váz.) 
035 |a (OCoLC)53859570 
040 |a BOA001  |b cze 
043 |a e-xr--- 
045 |a x-y- 
072 7 |a 929  |x Biografie  |2 Konspekt  |9 8 
080 |a 070.42:654.198]-055.2  |2 MRF 
080 |a 791/792.071.2  |2 MRF 
080 |a 78.071.2-055.2  |2 MRF 
080 |a 929  |2 MRF 
080 |a (437.3)  |2 MRF 
080 |a (047.53)  |2 MRF 
100 1 |a Nečas, Luboš,  |d 1972-  |7 jn20001005523  |4 ivr 
245 1 0 |a Závislost nejen na lásce, aneb, Příliš otevřená zpověď Terezy Pergnerové /  |c Luboš Nečas 
246 3 |a Příliš otevřená zpověď Terezy Pergnerové 
246 1 3 |a Závislost nejen na lásce 
260 |a V Praze :  |b Ikar,  |c 2003 
300 |a 217 s. :  |b barev. il. ;  |c 22 cm 
600 1 7 |a Pergnerová, Tereza,  |d 1974-  |7 jn99240000865  |2 czenas 
648 7 |a 20.-21. století  |7 ch462155 
650 0 7 |a herečky  |z Česko  |y 20.-21. století  |7 ph120685  |2 czenas 
650 0 7 |a zpěvačky  |z Česko  |y 20.-21. století  |7 ph127680  |2 czenas 
650 0 7 |a televizní moderátorky  |z Česko  |y 20.-21. století  |7 ph118362  |2 czenas 
655 7 |a rozhovory  |7 fd133303  |2 czenas 
700 1 |a Pergnerová, Tereza,  |d 1974-  |7 jn99240000865  |4 ive 
910 |a BOA001  |b 2-1119.486 
990 |a BK 
996 6 |b 2611011775  |c 2-1119.486  |l MZK  |r Sklad / do 1 hodiny  |n 0  |p dar  |w 000672607  |u 000020  |a 1  |e BOA001  |j MZK50  |s P